| 000 | 01320nam a2200349 i 4500 | ||
|---|---|---|---|
| 001 | 42650 | ||
| 003 | ES-MaACL | ||
| 005 | 20250905063039.0 | ||
| 007 | t| | ||
| 008 | 030313e1867 po ab|||r 10110|por d | ||
| 040 |
_aSpMaBN _bspa _cES-MaACL |
||
| 080 | _a325(469:9) | ||
| 080 | _a94(469)"1385/1580" | ||
| 080 | _a94(594.75) | ||
| 100 | 1 |
_aCastro, Affonso de _eaut _9168490 |
|
| 245 | 1 | 3 |
_aAs possessões portuguezas na Oceania / _cpor Affonso de Castro |
| 260 |
_aLisboa : _b[s.n.], _c1867 _f(Imprensa Nacional) |
||
| 300 |
_a[2], [I]-XXI, 460 páginas : _bilustraciones, mapas (blanco y negro) ; _c22 cm |
||
| 500 | _aÍndice | ||
| 530 | _aDisponible en formato digital | ||
| 651 | 4 |
_aPortugal- _xColonias- _zOceanía _9242220 |
|
| 651 | 4 |
_aPortugal- _xHistoria- _y1385-1580, Época de los descubrimientos _9168875 |
|
| 651 | 7 |
_aTimor-Leste- _xHistoria _9172069 |
|
| 710 | 2 |
_aImprensa Nacional (Lisboa) _eprm _9242221 |
|
| 752 |
_aPortugal - _dLisboa |
||
| 852 | 4 |
_aES-MaACL _cSPP3 _jG-9106 |
|
| 856 | 4 |
_uhttp://hdl.loc.gov/loc.gdc/gdclccn.05013860 _yVersión en línea _3(Library of Congress) |
|
| 856 | 4 |
_uhttps://babel.hathitrust.org/cgi/pt?id=uc1.$b588963&seq=13 _yVersión en línea _3(HathiTrust) |
|
| 942 |
_cMONANT _n0 |
||
| 999 |
_c42650 _d42650 |
||